Country Quiz on a Map - Mexico - Statistics

General Stats
  • This quiz has been taken 3,903 times
  • The average score is 18 of 40
Answers on the Map
Answers color-coded by a green-red scale on the quiz's map according to % correct below.
 
Answer Stats
Answers % Correct
Gulf of Mexico
100%
8,843,706 Mexico City
99%
Belize
88%
Guatemala
88%
Desertic peninsula in northwestern Mexico Baja California Peninsula
87%
North Pacific Ocean
87%
Tropical peninsula in southeastern Mexico Yucatán Peninsula
86%
United States
85%
Home of the "Tapatíos" Guadalajara
81%
1,810,645 Tijuana
80%
Resort city that began developing in the 1970s Cancún
79%
Gulf of California
70%
Rio Bravo
69%
Caribbean Sea
67%
City across from the American city of El Paso Ciudad Juárez
59%
Maya archeological site (controversially) chosen as one of the New Seven Wonders of the World Chichén Itza
53%
Former beach resort city impacted by the Drug War Acapulco
47%
1,542,232 Puebla
47%
Chihuahuan Desert
45%
"Mexico's culinary capital" Oaxaca
44%
Sonoran Desert
40%
Southern Mexican state with lush rainforests and Mayan ruins Chiapas
37%
1521: Spanish siege of the Aztec capital Fall of Tenochtitlan
34%
1,579,803 León
28%
Mexican sinkholes Cenotes
26%
Parral: This Mexican revolutionary, nicknamed "El Centauro del Norte" was assassinated there Pancho Villa
25%
Veracruz state: This traditional folk song, popularized globally by Ritchie Valens, originates here La Bamba
23%
Veracruz: This Austrian archduke landed there when he became emperor of Mexico Maximilian I
23%
Mexico City: This Alfonso Cuarón film intimately portrays the life of a housekeeper in this city Roma
19%
Popocatépetl
16%
1,643,623 Ecatepec
15%
Largest building in the Aztec city of Teotihuacan Pyramid of the Sun
14%
Sierra Madre Occidental
14%
Sierra Madre Oriental
13%
Pico de Orizaba
12%
Canyon system named for the metallic color of its rocks Copper Canyon
11%
Iconic victory column built to commemorate the centennial of Mexico's War of Independence Angel of Independence
10%
Mexico City: This double self-portrait, reflecting the painter's dual heritage, is exhibited here The Two Fridas
7%
1847: Battle in the Mexican-American War where Zachary Taylor's forces were outnumbered Battle of Buena Vista
4%
Merida: This ranchera singer and actor died in a plane accident near this city Pedro Infante
4%
No matching quizzes found
Score Distribution
Percent of People with Each Score
Percentile by Number Answered
Your Score History
You have not taken this quiz